000 00684nam a2200193Ia 4500
003 GCL
008 140319s9999 xx 000 0 ara d
040 _aGCL /
_cGCL
082 0 4 _a812.009
_bن م
100 1 _aنادية البنهاوى
245 1 0 _aالمرأة فى مسرح توفيق الحكيم ورشاد رشدى وتحليلها على ضوء البناء الموسيقى /
_cنادية البنهاوى
260 _a[S.N] :
_bالهيئة المصرية العامة للكتاب ،
_c1994
300 _a278 ص
490 _a
650 0 4 _aالمرأة فى الادب
650 0 4 _aالمسرح العربى
650 0 4 _aتاريخ ونقد
942 _2ddc
_cBK
999 _c37436
_d37436